Statistika I : pracovní sešit pro posluchače kombinovaného studia /

Hlavní autor: Prášilová, Marie, 1955-
Korporativní autor: Česká zemědělská univerzita v Praze. Katedra statistiky
Další autoři: Svatošová, Libuše
Jazyk: Čeština
Vydáno: Praha : Credit, 2001
Vydání: Vyd. 1.
Témata:
Fyzický popis: 36 s. ; 29 cm
Knihy
Uloženo v:
LEADER 01411nam a2200349 a 4500
001 000557653
003 CZ BrMZK
005 20070417112820.0
007 ta
008 010907s2001 xr e p cze d
015 |a cnb000993519 
020 |a 80-213-0739-0 
035 |a (OCoLC)47949499 
040 |a BOA001  |b cze 
072 7 |a 311  |x Statistika  |2 Konspekt  |9 4 
072 7 |a 37.016  |x Učební osnovy. Vyučovací předměty. Učebnice  |2 Konspekt  |9 22 
080 |a 311  |2 MRF 
080 |a (075.8)  |2 MRF 
100 1 |a Prášilová, Marie,  |d 1955-  |7 ola2004231538 
245 1 0 |a Statistika I :  |b pracovní sešit pro posluchače kombinovaného studia /  |c Marie Prášilová, Libuše Svatošová 
250 |a Vyd. 1. 
260 |a Praha :  |b Credit,  |c 2001 
300 |a 36 s. ;  |c 29 cm 
500 |a Vydavatel: Česká zemědělská univerzita v Praze, Provozně ekonomická fakulta 
650 0 7 |a statistika  |7 ph116273  |x úlohy  |2 czenas 
655 7 |a učebnice vysokých škol  |7 fd133772  |2 czenas 
700 1 |a Svatošová, Libuše  |7 ola2004231537 
710 2 |a Česká zemědělská univerzita v Praze.  |b Katedra statistiky  |7 kn20020321512 
910 |a BOA001  |b 4-1084.095 
990 |a BK 
996 6 |b 2610133335  |c 4-1084.095  |l MZK  |r Sklad / do 1 hodiny  |n 0  |p p.v.  |w 000557653  |u 000010  |a 1  |e BOA001  |j MZK50  |s P 
996 7 |b 2610206233  |c 4-1084.095  |l MZK  |r Sklad / do 1 hodiny  |n 3  |p p.v. ; 1.dotisk 2003  |w 000557653  |u 000020  |a 1  |e BOA001  |j MZK50  |s A